| 000 | 00349nam a2200121Ia 4500 | ||
|---|---|---|---|
| 008 | 240731s9999 xx 000 0 und d | ||
| 022 | _a1938-4246 | ||
| 245 | 0 | _aArctic, Antarctic, and Alpine Research : An Interdisciplinary Journal | |
| 260 | _bTaylor & Francis | ||
| 856 | _uhttps://www.tandfonline.com/loi/uaar20 | ||
| 942 | _2ddc | ||
| 942 | _cTFEJ | ||
| 999 |
_c75407 _d75407 |
||
| 945 |
_a1 _bMadushi Gamage _c1 _dMadushi Gamage |
||